000 00806nam a2200229Ii 4500
003 JO-AjNU
008 230605s9999||||xx |||||||||||||| ||und||
017 _a2008/8/2858
020 _a9957-16-466-9
040 _aJO-AjNU
_bara
_erda
_cJO-AjNU
041 _aara
050 1 4 _aK1420.5.K3.2009
100 3 _a كنعان، نواف ,
_eauthor
_912414
245 0 0 _aحق المؤلف النماذج المعاصرة لحق المؤلف ووسائل حمايته
250 _aط1
264 3 1 _aعمان : دار الثقافة ، 2009
300 _a514ص
336 _atext
_btxt
_2rdacontent
337 _aunmediated
_bn
_2rdamedia
338 _avolume
_bnc
_2rdacarrier
650 4 _aحقوق المؤلفين -- حقوق النشر -- الملكية الفكرية -- القانون الخاص
_912415
999 _aA2824
_c6392
_d6392